| 000 | 00628nam a22001577a 4500 | ||
|---|---|---|---|
| 008 | 160528b xxu||||| |||| 00| 0 eng d | ||
| 082 |
_22005 _aUT 0017 _bD39 |
||
| 100 |
_99579 _aDe Mesa, Gime A. _bJr. |
||
| 245 |
_aThe extent of participation among the community residents of Ebreo village on the UMDC CES programs/ _cGime A. De Mesa Jr., Juluis P. Geyrozaga and Jose Antonio P. Sabandal. |
||
| 260 |
_aDigos City: _bUMDC _cFebruary 2005. |
||
| 300 |
_a54 pages; _c27 cm. |
||
| 650 | 0 |
_99577 _aEducation _xUndergraduate thesis. |
|
| 700 |
_99574 _aGeyrozaga, Juluis P. |
||
| 700 |
_99575 _aSabandal, Jose Antonio P. |
||
| 942 |
_2ddc _cUT |
||
| 999 |
_c2880 _d2880 |
||